Statystyki dla Gole Igora Angulo dla Górnika

Kliknij tutaj aby rozwiązać quiz!

Ogólne statystyki

  • Ten quiz został rozwiązany 66 razy
  • Średni wynik to 39 z 62

Statystyki odpowiedzi

sezonrozgrywkigolewynikklub% Poprawnych
17/18ESA23:1Legia Warszawa
95%
19/20ESA12:0Legia Warszawa
95%
18/19ESA11:2Legia Warszawa
95%
17/18ESA23:1Lech Poznań
89%
18/19ESA23:0Lech Poznań
89%
17/18ESA12:0Wisła K
88%
17/18ESA13:2Wisła K
88%
19/20ESA14:2Wisła K
88%
17/18ESA33:2Wisła K
88%
18/19ESA24:0Wisła P
86%
18/19ESA11:1Wisła P
86%
19/20ESA11:1Wisła P
86%
17/18ESA34:0Wisła P
86%
19/20ESA22:2Wisła P
86%
17/18ESA11:2Jagiellonia
82%
17/18ESA22:1Jagiellonia
82%
18/19ESA12:2Jagiellonia
82%
17/18ESA23:1Jagiellonia
82%
19/20ESA23:0Jagiellonia
82%
18/19ESA11:3Jagiellonia
82%
19/20ESA12:0Arka Gdynia
81%
17/18ESA11:1Lechia Gdańsk
75%
18/19PP11:2Lechia Gdańsk
75%
19/20ESA11:1Pogoń Szczecin
74%
19/20ESA13:1Pogoń Szczecin
74%
18/19ESA11:3Pogoń Szczecin
74%
18/19ESA11:1Pogoń Szczecin
74%
18/19ESA22:0Zagłębie Lubin
70%
18/19ESA22:4Korona Kielce
68%
17/18ESA13:3Korona Kielce
68%
18/19ESA23:0Korona Kielce
68%
19/20ESA13:0Korona Kielce
68%
19/20ESA13:2Korona Kielce
68%
16/171 liga11:2Zagłębie Sosnowiec
67%
18/19ESA11:1Zagłębie Sosnowiec
67%
18/19ESA12:1Zagłębie Sosnowiec
67%
18/19ESA24:0Zagłębie Sosnowiec
67%
19/20ESA11:1ŁKS
65%
19/20ESA13:1ŁKS
65%
17/18ESA11:0Piast Gliwice
65%
17/18ESA12:2Śląsk Wrocław
60%
18/19ESA22:1Śląsk Wrocław
60%
16/171 liga14:0Podbeskidzie
56%
18/19ESA11:3Miedź Legnica
53%
18/19ESA13:1Miedź Legnica
53%
17/18ESA12:1Sandecja
47%
17/18ESA12:2Sandecja
47%
17/18PP23:2Sandecja
47%
16/171 liga12:1Stal Mielec
47%
17/18PP23:1Chojniczanka
39%
16/171 liga46:1Chojniczanka
39%
16/171 liga12:0Stomil Olsztyn
33%
16/171 liga24:2Stomil Olsztyn
33%
16/171 liga22:1Chrobry Głogów
25%
16/171 liga11:0Wisła Puławy
18%
16/171 liga14:0Wisła Puławy
18%
16/171 liga14:2MKS Kluczbork
12%
16/171 liga12:1Olimpia Grudziądz
11%
16/171 liga12:1Olimpia Grudziądz
11%
18/19PP19:0Unia H
5%
18/19PP11:0Legionovia
4%
18/19LE11:0Zarea
4%

Rozkład punktacji

Percentyl według liczby udzielonych odpowiedzi

Procent ludzi z każdym wynikiem

Twoja historia wyników

Nie rozwiązałeś tego quizu